| 000 | 00361nam a2200145Ia 4500 | ||
|---|---|---|---|
| 005 | 20251222175930.0 | ||
| 008 | 251222s9999||||xx |||||||||||||| ||spa|| | ||
| 020 | _a9786124218507 | ||
| 082 | _a345.704/M66 | ||
| 100 | _aMitidiero, Daniel | ||
| 245 | 0 | _aLa Justicia Civil en el Estado Constitucional: | |
| 250 | _a1ra. ed. | ||
| 264 | _bPaletra | ||
| 942 | _cLIB | ||
| 999 |
_c40995 _d40995 |
||